000
00293 a2200121 4500
000
nam a22 7a 4500
005
20260210181650.0
100
_a
Elmasri, Ramez ; Navathe, Shamkant
_9
1114950
245
_a
Fundamentals of Database Systems
250
_a
7
260
_c
2026
942
_c
TB
999
_c
1679173
_d
1679173